| 000 | 01212cam a2200265 4500 | ||
|---|---|---|---|
| 001 | ABS67696 | ||
| 008 | 040428n2004 000 0 eng u | ||
| 035 | _a(Sirsi) u126038 | ||
| 110 |
_aDavis Langdon and Everest _91155 |
||
| 245 | _aCost model | ||
| 260 | _c2004 | ||
| 490 |
_aBuilding _v269(8328) 16 April 2004, 62-69(8) |
||
| 520 | _aDiscusses the opportunities and restrictions in bringing existing buildings up to date. Outlines the main advantages of office refurbishment which include relatively low cost and flexibility. Illustrates the major advantages and disadvantages of major elements of refurbishments and defines their scope. Further, gives details of building services and the limitations of some buildings regarding the installation of useful facilities such as air conditioning. Includes managing risks on the projects and details of cost models. | ||
| 590 | _aABS | ||
| 590 | _aABS | ||
| 650 | _aCOST MODEL | ||
| 650 | _aREFURBISHED OFFICES | ||
| 650 | _aREFURBISHMENT COSTS | ||
| 650 | _aPERFORMANCE STANDARDS | ||
| 650 | _aAIR CONDITIONING | ||
| 650 | _aLOCATION FACTORS | ||
| 690 | _aBUILDING AND CONSTRUCTION-REFURBISHMENT | ||
| 710 | _aMott Green Wall | ||
| 942 | _n0 | ||
| 999 |
_c117260 _d117260 |
||